000 00860nam a22002897a 4500
001 BR0809594
003 BR-BrBNA
005 20230928102841.0
007 ta
008 230509b bl.||||| |||| 00| 0 por d
040 _aBR-BrBNA
_bpor
_cBiblioteca Nacional de Agricultura
041 _a(Por)
072 _aP06; E14; E71
090 _ P06 BR0809594
110 1 _aMinistério das Relações Exteriores, Brasília, DF (Brasil)
_97083
245 1 _aBiocombustíveis no Brasil; realidades e perspectivas
260 3 _aBrasília, DF (Brasil):
_c2007.
300 _a205 p.
500 _aSeveral bibliography; 14 tables; 16 illus.
650 _aETANOL
650 _aBIOCOMBUSTÍVEL
650 _aCOMERCIALIZAÇÃO
650 _aTRANSFERÊNCIA DE TECNOLOGIA
650 _aMERCADO INTERNACIONAL
909 _a202309
_bLucia
_c55
_dLucia Elande
942 _cBK
999 _c72699
_d72699